University Home | Library Home | Institutional Repository

Practical applications of DC theory / (Record no. 83462)

MARC details
000 -LEADER
fixed length control field 00611cam9a220022900 4500
001 - CONTROL NUMBER
control field tmp15851196
003 - CONTROL NUMBER IDENTIFIER
control field UPRA
005 - DATE AND TIME OF LATEST TRANSACTION
control field 20190816094654.0
008 - FIXED-LENGTH DATA ELEMENTS--GENERAL INFORMATION
fixed length control field 951107s1976 xx eng u
020 ## - INTERNATIONAL STANDARD BOOK NUMBER
International Standard Book Number 0895120100
035 ## - SYSTEM CONTROL NUMBER
System control number (Sirsi) r38969
035 ## - SYSTEM CONTROL NUMBER
System control number (UPRA)tmp15851196
040 ## - CATALOGING SOURCE
Transcribing agency UPRA
050 #0 - LIBRARY OF CONGRESS CALL NUMBER
Classification number TK1111
Item number Dal 1976
100 1# - MAIN ENTRY--PERSONAL NAME
Personal name Dale, Charles W.
Linkage A100316.1
245 10 - TITLE STATEMENT
Title Practical applications of DC theory /
Statement of responsibility, etc. Charles W. Dale, Ralph A. Oliva.
250 ## - EDITION STATEMENT
Edition statement 3rd ed.
260 ## - PUBLICATION, DISTRIBUTION, ETC.
Date of publication, distribution, etc. 1976.
350 ## - PRICE (NR) (BK AM CF MU VM SE) [OBSOLETE]
Price 25
949 ## - LOCAL PROCESSING INFORMATION (OCLC)
a TK1111
w lcc
i 33729001897169
m MAIN
p 2500
t BOOK
l ON-SHELF

No items available.

© 2026 - The University of Zambia Library - Koha v25.11